000 00338nam a2200145Ia 4500
005 20260328104247.0
008 260328s9999||||xx |||||||||||||| ||und||
100 _aPhilips, N.V.
245 0 _aContemporary Lighting /
_cN.V. Philips
250 _a1a ed.
260 _bN.V. Philips
300 _a214 p.
650 _aACERO
942 _cBK
999 _c10095
_d10095